00747nam a22001577a 4500003000900000008004100009040007100050082001700121245007700138260005500215300003500270505019500305650003700500650001600537700003600553AR-CdUCM190319b ||||| |||| 00| 0 spa d aMUNICIPALIDAD PROVINCIAL DEL CUSCOcBIBLIOTECA MUNICIPAL DEL CUSCO a118.8 /bP41 aPensamientos de Marco Aurelio :bmanual de Epicteto, Cuadros de Cebes /  aParís :bCasa Editorial Garnier Hermanos,c1929. aXXXVI, 333 páginas ;c19 cm. aContenido: Ejemplos o lecciones de virtud de mis padres y de mis maestros -- Beneficios que debo a los dioses -- Sobre el ser supremo -- Providencia -- Resignación -- Sobre los ruegos ... aMarco Aurelio,Emperador de Roma  aFilosofía aDelgado, Joaquin (traducción)